[Event "POL-chT U20 2nd League"]
[Site "Szczyrk"]
[Date "2017.07.30"]
[Round "11.91"]
[White "Kebel, Bartosz"]
[Black "Szachowicz, Mateusz"]
[Result "0-1"]
[WhiteElo "1252"]
[BlackElo "1090"]
[PlyCount "70"]
[EventDate "2017.07.22"]
[EventType "team-swiss"]
[EventRounds "11"]
[EventCountry "POL"]
[SourceTitle "EXT 2019"]
[Source "ChessBase"]
[SourceDate "2018.10.10"]
[SourceVersion "1"]
[SourceVersionDate "2018.10.10"]
[SourceQuality "1"]

1. d4 c6 2. c4 d5 3. Nc3 dxc4 4. e4 b5 5. a4 b4 6. Nb1 Nf6 7. e5 Nd5 8. Bxc4 Bf5 9. Nf3 e6 10. 0-0 Be7 11. Bd2 0-0 12. Qb3 Qb6 13. a5 Qb7 14. Bd3 Bxd3 15. Qxd3 Nd7 16. Ng5 Bxg5 17. Bxg5 h6 18. Bh4 Rac8 19. Nd2 c5 20. Ne4 c4 21. Qf3 Qc6 22. Nd6 Rc7 23. Rfc1 Qa6 24. Qe2 Nf4 25. Qd2 Nd3 26. Rd1 b3 27. Qc3 Rc6 28. Rac1 Nxc1 29. Rxc1 Rb8 30. Be7 Nf8 31. Qf3 Rxd6 32. Bxd6 Rc8 33. Qc3 Ng6 34. h3 Nf4 35. Bc5 Ne2+ 0-1

[Event "POL-chT U20 2nd League"]
[Site "Szczyrk"]
[Date "2017.07.29"]
[Round "10.85"]
[White "Szachowicz, Mateusz"]
[Black "Wiszniewski, Szymon"]
[Result "1-0"]
[WhiteElo "1090"]
[BlackElo "1373"]
[PlyCount "67"]
[EventDate "2017.07.22"]
[EventType "team-swiss"]
[EventRounds "11"]
[EventCountry "POL"]
[SourceTitle "EXT 2019"]
[Source "ChessBase"]
[SourceDate "2018.10.10"]
[SourceVersion "1"]
[SourceVersionDate "2018.10.10"]
[SourceQuality "1"]

1. e4 c5 2. Nf3 d6 3. d4 cxd4 4. Nxd4 Nf6 5. Nc3 Nc6 6. f3 e6 7. Be3 Be7 8. Qd2 0-0 9. 0-0-0 a6 10. g4 Nxd4 11. Bxd4 b5 12. g5 Nh5 13. Be3 Qa5 14. Kb1 b4 15. Ne2 e5 16. h4 Be6 17. b3 Rad8 18. f4 exf4 19. Nxf4 Nxf4 20. Bxf4 d5 21. Bg2 dxe4 22. Qe2 f5 23. gxf6 Bxf6 24. Bxe4 Bf5 25. h5 Rfe8 26. Rxd8 Bxd8 27. Bd5+ Kf8 28. Bd6+ Be7 29. Qf3 Bxd6 30. Qxf5+ Ke7 31. Re1+ Kd8 32. Rxe8+ Kxe8 33. Bc6+ Ke7 34. Qxa5 1-0

[Event "POL-chT U20 2nd League"]
[Site "Szczyrk"]
[Date "2017.07.25"]
[Round "5.91"]
[White "Matloka, Milosz"]
[Black "Szachowicz, Mateusz"]
[Result "1-0"]
[WhiteElo "1300"]
[BlackElo "1090"]
[PlyCount "50"]
[EventDate "2017.07.22"]
[EventType "team-swiss"]
[EventRounds "11"]
[EventCountry "POL"]
[SourceTitle "EXT 2019"]
[Source "ChessBase"]
[SourceDate "2018.10.10"]
[SourceVersion "1"]
[SourceVersionDate "2018.10.10"]
[SourceQuality "1"]

1. e4 e5 2. Nf3 d6 3. h3 Nf6 4. Nc3 Nbd7 5. Bc4 Be7 6. 0-0 0-0 7. Re1 a6 8. d4 c6 9. a4 b6 10. b4 Rb8 11. b5 axb5 12. axb5 exd4 13. Nxd4 Ne5 14. Nxc6 Nxc6 15. bxc6 Qc7 16. Bd5 Be6 17. Nb5 Qd8 18. c7 Qd7 19. cxb8Q Rxb8 20. c4 h6 21. Bf4 Ne8 22. Bxe6 Qxe6 23. Qd5 Qd7 24. e5 Qd8 25. exd6 Ra8 1-0

[Event "POL-chT U20 2nd League"]
[Site "Szczyrk"]
[Date "2017.07.24"]
[Round "4.91"]
[White "Szachowicz, Mateusz"]
[Black "Bien, Hubert"]
[Result "1/2-1/2"]
[WhiteElo "1090"]
[BlackElo "1417"]
[PlyCount "63"]
[EventDate "2017.07.22"]
[EventType "team-swiss"]
[EventRounds "11"]
[EventCountry "POL"]
[SourceTitle "EXT 2019"]
[Source "ChessBase"]
[SourceDate "2018.10.10"]
[SourceVersion "1"]
[SourceVersionDate "2018.10.10"]
[SourceQuality "1"]

1. e4 e6 2. d4 d5 3. exd5 exd5 4. Bd3 Bd6 5. Nf3 Nf6 6. Bg5 0-0 7. 0-0 Bg4 8. Nbd2 c6 9. Re1 Nbd7 10. c3 Qc7 11. h3 Bh5 12. Qc2 Rfe8 13. b4 a6 14. a4 Bg6 15. Bxg6 hxg6 16. a5 Bf4 17. Qd3 Bxg5 18. Nxg5 Qf4 19. Ngf3 Kf8 20. Rac1 Rxe1+ 21. Rxe1 Re8 22. Rxe8+ Kxe8 23. Qe2+ Kf8 24. Qd3 Qf5 25. Qe3 g5 26. Nxg5 Nh7 27. Ngf3 Nhf6 28. Ne5 Nxe5 29. Qxe5 Qxe5 30. dxe5 Ne4 31. Nxe4 dxe4 32. f3 1/2-1/2

[Event "POL-chT U20 2nd League"]
[Site "Szczyrk"]
[Date "2017.07.24"]
[Round "3.91"]
[White "Wielgus, Wojciech"]
[Black "Szachowicz, Mateusz"]
[Result "1-0"]
[WhiteElo "1248"]
[BlackElo "1090"]
[PlyCount "103"]
[EventDate "2017.07.22"]
[EventType "team-swiss"]
[EventRounds "11"]
[EventCountry "POL"]
[SourceTitle "EXT 2019"]
[Source "ChessBase"]
[SourceDate "2018.10.10"]
[SourceVersion "1"]
[SourceVersionDate "2018.10.10"]
[SourceQuality "1"]

1. e4 e5 2. Nf3 d6 3. d4 Nf6 4. Nc3 Nbd7 5. Bg5 Be7 6. Bc4 0-0 7. 0-0 c6 8. Bb3 b5 9. a3 Qc7 10. Re1 Bb7 11. Qd2 a5 12. a4 b4 13. Nd1 Ba6 14. c3 Rab8 15. Bc2 Qb7 16. Bh4 Rfe8 17. Bg3 Bd8 18. h3 Bc7 19. dxe5 Nxe5 20. Nxe5 dxe5 21. Qg5 Rbd8 22. Qc1 c5 23. Bh4 Re6 24. Ne3 Rd7 25. Nf5 Ne8 26. Ne3 Rg6 27. Nd5 Bd6 28. Qe3 Nc7 29. Nxc7 Qxc7 30. Red1 h6 31. Bg3 c4 32. Rd2 b3 33. Bd1 Qa7 34. Qxa7 Rxa7 35. Bg4 Rf6 36. Rad1 h5 37. Bxh5 Bc7 38. Be2 Rc6 39. Rd5 Bb7 40. Rd7 g6 41. R7d2 Re6 42. Bxc4 Re7 43. Bxb3 Bxe4 44. Rd7 Re8 45. Bxf7+ Kf8 46. Bxe8 Bc6 47. R7d2 Bxe8 48. b3 Rb7 49. Rb1 g5 50. Ra2 Bf7 51. Re2 Bxb3 52. Reb2 1-0